Flesh and blood

Gorde:
Xehetasun bibliografikoak
Egile nagusia: Jonathan Kellerman
Formatua: Liburua
Hizkuntza:Undetermined
Argitaratua: London, Eng Headline 2001
Gaiak:
Etiketak: Etiketa erantsi
Etiketarik gabe, Izan zaitez lehena erregistro honi etiketa jartzen!
Thư viện lưu trữ: Trung tâm Học liệu Trường Đại học Cần Thơ
LEADER 00484nam a2200193Ia 4500
001 CTU_58482
008 210402s9999 xx 000 0 und d
082 |a 823.9 
082 |b K39 
100 |a Jonathan Kellerman 
245 0 |a Flesh and blood 
245 0 |c Jonathan Kellerman 
260 |a London, Eng 
260 |b Headline 
260 |c 2001 
650 |a english fiction 
650 |y 20th century 
904 |i Minh 
980 |a Trung tâm Học liệu Trường Đại học Cần Thơ